000 00419nam a2200157Ia 4500
999 _c19081
_d19081
003 OSt
005 20230225141847.0
008 140316s9999 xx 000 0 und d
082 _a634 .573 UASB
_bRAI/RE
100 _aRai,P S
245 _aReview of work done on cashew : 1957 - 1978
260 _aBangalore
_bUniversity of Agricultural Sciences
_c1981
300 _a36
700 _aVidyachandra,B
942 _2ddc
_cREF